[Event "Evry op 2nd"]
[Site "Evry"]
[Date "2006.11.04"]
[Round "5"]
[White "Gidel, Jean Louis"]
[Black "Baudry, Richard"]
[Result "1-0"]
[WhiteElo "2175"]
[BlackElo "1930"]
[PlyCount "160"]
[EventDate "2006.11.01"]
[EventType "swiss"]
[EventRounds "7"]
[EventCountry "FRA"]
[SourceTitle "EXT 2007"]
[Source "ChessBase"]
[SourceDate "2006.11.23"]
[SourceVersion "1"]
[SourceVersionDate "2006.11.23"]
[SourceQuality "1"]

1. c4 Nf6 2. g3 g6 3. Bg2 Bg7 4. Nc3 0-0 5. d3 d6 6. e4 e5 7. Nge2 c6 8. 0-0 Be6 9. h3 Qd7 10. g4 Ne8 11. f4 f5 12. exf5 gxf5 13. g5 Na6 14. b3 Nac7 15. d4 exd4 16. Nxd4 Bf7 17. Bb2 Bh8 18. Qd3 Ng7 19. Rad1 Bh5 20. Bf3 Bxf3 21. Qxf3 Rad8 22. Ba3 Nge6 23. Nxe6 Qxe6 24. Rfe1 Qg6 25. h4 Rfe8 26. Rxe8+ Nxe8 27. Ne2 Bg7 28. Ng3 Bf8 29. h5 Qe6 30. Qd3 d5 31. Bxf8 Kxf8 32. Qxf5+ Qxf5 33. Nxf5 Nd6 34. Nxd6 Rxd6 35. cxd5 cxd5 36. Kf2 Kf7 37. Kf3 Ke6 38. Re1+ Kf7 39. Re5 d4 40. Ke2 d3+ 41. Kd2 Rd4 42. Rf5+ Kg8 43. h6 Rd6 44. Rc5 Rd7 45. f5 Kf7 46. Re5 Rd6 47. Re3 Rd5 48. Rf3 a5 49. a3 b5 50. Rxd3 Rxf5 51. Rd7+ Kg6 52. Rg7+ Kh5 53. Rxh7 Rxg5 54. Rg7 Rd5+ 55. Kc3 Kxh6 56. Rg3 Rf5 57. Kd4 Kh7 58. Re3 Rh5 59. Re5 Rh4+ 60. Kc5 b4 61. a4 Rh3 62. Kb5 Rxb3 63. Kxa5 Rb1 64. Rb5 b3 65. Kb6 b2 66. a5 Rf1 67. Rxb2 Rf6+ 68. Ka7 Kg8 69. Rc2 Rf8 70. Kb7 Rf1 71. a6 Rb1+ 72. Ka8 Kf8 73. Rc8+ Ke7 74. Rb8 Rh1 75. a7 Kd7 76. Rg8 Rb1 77. Rg7+ Kc8 78. Rg2 Kc7 79. Rc2+ Kb6 80. Rc8 Ka6 1-0

[Event "Evry op 2nd"]
[Site "Evry"]
[Date "2006.11.02"]
[Round "3"]
[White "Baudry, Richard"]
[Black "Soulages, Laurent"]
[Result "0-1"]
[WhiteElo "1930"]
[BlackElo "2133"]
[PlyCount "76"]
[EventDate "2006.11.01"]
[EventType "swiss"]
[EventRounds "7"]
[EventCountry "FRA"]
[SourceTitle "EXT 2007"]
[Source "ChessBase"]
[SourceDate "2006.11.23"]
[SourceVersion "1"]
[SourceVersionDate "2006.11.23"]
[SourceQuality "1"]

1. e4 c5 2. Nf3 e6 3. d4 cxd4 4. Nxd4 Nc6 5. Nb5 d6 6. Bf4 e5 7. Be3 Be6 8. N1c3 a6 9. Na3 Nf6 10. Bg5 Be7 11. Bxf6 Bxf6 12. Nd5 Qa5+ 13. c3 Bxd5 14. Qxd5 Qxd5 15. exd5 Nb8 16. Nc4 Ke7 17. Nb6 Ra7 18. g3 Nd7 19. Nxd7 Kxd7 20. Bh3+ Kc7 21. Ke2 h5 22. a4 a5 23. Bf5 h4 24. Bd3 Raa8 25. Rae1 Rh6 26. Bb5 Rah8 27. g4 h3 28. Kd3 Bg5 29. Re4 Rf6 30. Ke2 Rf4 31. f3 Rh4 32. Bd3 g6 33. Re1 Rxe4+ 34. Bxe4 Bf4 35. Rh1 Kb6 36. Kd3 Kc5 37. b3 Rh8 38. Kc2 Rf8 0-1